Trouve Les Capitales - Océanie - Statistiques

Statistiques générales
  • Ce quiz a été pris 30 fois
    25 depuis la dernière actualisation
  • Le résultat moyen est 11 sur 14
Statistiques - réponses
Par images Réponse % Correct
Canberra
100%
Wellington
96%
Port Moresby
83%
Apia
75%
Honiara
75%
Suva
75%
Tarawa
75%
Port-Vila
71%
Yaren
71%
Funafuti
67%
Majuro
67%
Nuku'alofa
67%
Palikir
67%
Ngerulmud
63%
Aucun quiz correspondant
Distribution des résultats
% des personnes avec chaque résultat
Percentile par nombre de réponses
Votre historique - résultats
Vous n’avez pas pris ce quiz depuis la dernière actualisation